000 01025nam a2200253 a 4500
001 000023812
005 20240604202930.0
008 110113s1993 mx r 000 0 spa d
020 _a9686599509
040 _aDO-SdBNP
_bspa
_cBNPHU
082 _a336.3435
_bL772b
100 1 _aLissakers, Karin,
_949017
240 1 0 _aBanks, borrowers, and the establishment.
_lEspañol.
245 1 0 _aBanca, deudores e instituciones :
_banálisis de las crisis en la deuda internacional /
_cKarin Lissakers ; traducción Ana Isabel Stellino edición María Elsa López Paniagua.
260 _aMéxico, D.F. :
_bEdiciones Gernika,
_c1993.
300 _a377, [1] p. ;
_c21 cm.
490 1 _aEconomía
_v18
534 _aTítulo original en inglés:
_tBanks, borrowers, and the establishment
650 4 _aDeuda externa
_zAmérica Latina
_99160
650 4 _aPréstamos internacionales
_930424
650 0 _aFinanzas internacionales
_97882
700 1 _aStellino, Ana Isabel
_etr.
_96685
700 1 _aLópez Paniagua, María Elsa
_eed.
_944716
999 _c23308
_d23308